Statistics for Multiple Choice UK Geography - 1

Click here to take the quiz!

General Stats

  • This quiz has been taken 781 times
    (564 since last reset)
  • The average score is 11 of 20

Answer Stats

QuestionAnswer% Correct
Which city is famous as the home of the Beatles?Liverpool
95%
Which island is situated just off the coast of north-west wales?Anglesey
81%
With what coastal feature is Dover associated?White chalk cliffs
75%
What is the northernmost county in England?Northumberland
71%
In which city would you find the 'Titanic Quarter'?Belfast
70%
Which county is known as the 'Garden of England'?Kent
70%
Which strait separates the Isle of Wight from the mainland?The Solent
69%
Which UK airport is located at Castle Donington?East Midlands
68%
What is the highest peak in England?Scaffell Pike
67%
Which of these towns or cities is on the west coast of Scotland?Oban
60%
Which motorway links West Bromwich to Exeter?M5
55%
Which river flows through the city of York?Ouse
54%
For what historic feature is the village of Avebury best known?Stone circles
51%
What is the southernmost city in the United Kingdom?Truro
47%
How many counties make up Northern Ireland?6
42%
Which English Cathedral is known as the 'Ship of the Fens'?Ely
40%
What is the principal city or town on the Shetland IslandsLerwick
31%
What was the UK's first National Park?Peak District
29%
Which of these places is known as the 'Fair City'?Perth
27%
What is the county town of Wiltshire?Trowbridge
19%

Score Distribution

Percentile by Number Answered

Percent of People with Each Score

Your Score History

You have not taken this quiz since the last reset